| 000 | 00410nam a2200133Ia 4500 | ||
|---|---|---|---|
| 008 | 220217s9999||||xx |||||||||||||| ||und|| | ||
| 020 | _a81-203-1680-0 | ||
| 082 | _a004.65 KAR | ||
| 100 |
_aKartalopoulos, Stamatios, V _92908 |
||
| 245 | 0 | _aUnderstanding neural networks and fuzzy logic: Basic concept | |
| 260 |
_aPrentice hall of india _bNew Delhi _c2002 |
||
| 300 | _b125 | ||
| 650 | _aCOMPUTER NETWORK | ||
| 999 |
_c170237 _d170237 |
||